000 01082nam0a22002531 4500
001 rc\4671774
005 20260408074907.0
021 _aRU
_b[59-49584]
035 _a(NLR Aleph) 008702694
090 _a9308747
_c9308747
100 _a20130416d1959 |||y0rusy50 ca
101 0 _arus
102 _aRU
105 _aa z |||||
200 1 _aПлеменная работа в колхозах и совхозах Ростовской области
_e(Краткая инструкция)
_e[Утв. 1/VI 1959 г.]
_fРост. обл. упр. сел. хозяйства
210 _aРостов-на-Дону
_cКн. изд-во
_d1959
215 _a40 с., 2 л. табл.
_d20
606 _aЖивотноводство племенное
_yРостовская область
_2psbo
712 0 2 _aРостовское областное производственное управление сельского хозяйства
_3RU\NLR\AUTH\8810066929
_9635504
801 0 _aRU
_bNLR
_gpsbo
801 1 _aRU
_bELAR
_2rusmarc
852 _aNLR
_j59-4/12904
942 _cBOOK
980 _aNB